| 000 | 00403nam a22001457a 4500 | ||
|---|---|---|---|
| 008 | 240212b ||||| |||| 00| 0 eng d | ||
| 020 | _a9789951550963 | ||
| 041 | _aSHQIP | ||
| 080 |
_2UBT 2024 _a070 |
||
| 082 | _a070SAB | ||
| 100 | _a18 | ||
| 101 | _aAMD-ART MEDIA DIGJITALE | ||
| 245 |
_aGAZETARIA ONLINE NE KOSOVES DHE NE RAJON,ETIKA DHE SFIDAT E VETERREGULLIMIT _cMUSA SABEDINI |
||
| 942 |
_2udc _cBK |
||
| 999 |
_c60593 _d60593 |
||